Photoshop CS6 trainning guide / (Record no. 96838)

MARC details
000 -LEADER
fixed length control field 00579nam a22001937a 4500
005 - DATE AND TIME OF LATEST TRANSACTION
control field 20151023164948.0
010 ## - LCCN (DPL NO)
LC control number ENG-114024
020 ## - INTERNATIONAL STANDARD BOOK NUMBER
Terms of availability 120.00
International Standard Book Number 9788183335560
035 ## - SYSTEM CONTROL NUMBER
System control number EN-97556
037 ## - SOURCE OF ACQUISITION
Source of stock number/acquisition DBAD/PUB
082 ## - DEWEY DECIMAL CLASSIFICATION NUMBER
Classification number 006.686
100 ## - MAIN ENTRY--PERSONAL NAME
Personal name Jain, Satish
245 ## - TITLE STATEMENT
Title Photoshop CS6 trainning guide /
Statement of responsibility, etc by Satish Jain [and] M.Geetha Iyer
260 ## - PUBLICATION, DISTRIBUTION, ETC. (IMPRINT)
Place of publication, distribution, etc New Delhi
Name of publisher, distributor, etc BPB Publications
Date of publication, distribution, etc 2015
270 ## - ADDRESS
Address B-14, Connaught Place,
City New Delhi
Postal code 110001
300 ## - PHYSICAL DESCRIPTION
Extent 259p. :
Dimensions 22cm(pbk)
Other physical details ill.
700 ## - ADDED ENTRY--PERSONAL NAME
Personal name Iyer, M. Geetha
942 ## - ADDED ENTRY ELEMENTS (KOHA)
Source of classification or shelving scheme Dewey Decimal Classification
Item type English Books
Call number suffix JAI
Classification part 006.686
Holdings
Withdrawn status Lost status Not for loan Collection code Home library Current library Date acquired Source of acquisition Cost, normal purchase price Full call number Barcode Copy number Cost, replacement price Koha item type
    Not For Loan Non-fiction D.B.Act.Division D.B.Act.Division 11/09/2015 DBAD/PUB 120.00 006.686 JAI EN-97556 1 120.00 English Books

© Delhi Public Library
Hit Counter
free hit counter